| 000 | cam a22 7a 4500 | ||
|---|---|---|---|
| 999 |
_c7219 _d7219 |
||
| 003 | OSt | ||
| 005 | 20190515164014.0 | ||
| 008 | 190515e201904 spc|||| |||| 000 0 spa|d | ||
| 017 |
_aDL B 4850-2019 _bBiblioteca de Catalunya |
||
| 020 | _a9788499428017 | ||
| 040 |
_aES-BaUIC _bcat _cCDMR |
||
| 100 | 1 |
_aMeseguer, David, _d1983- |
|
| 245 | 1 | 0 |
_aRespirando fuego _b: en las entrañas de la lucha kurda por la supervivencia / _cDavid Meseguer, Karlos Zurutuza ; prólogo de Manuel Martorell |
| 260 |
_aBarcelona : _bPenínsula, _c2019 |
||
| 300 |
_a355 p. ; _c23 cm |
||
| 610 | 2 | 7 |
_aEstat Islàmic (Organització) _2lemac |
| 650 | 7 |
_aPersecucions polítiques _zKurdistan _2lemac _93170 |
|
| 651 | 7 |
_aKurdistan _xHistòria _yS. XXI _2lemac |
|
| 700 | 1 |
_aZurutuza, Karlos, _d1971- |
|
| 700 | 1 |
_aMartorell, Manuel, _d1953- |
|
| 942 | _cMON | ||